Detalles MARC
| 000 -ENCABEZADO |
| Número de control [NR] |
02071nam a22003017a 4500 |
| 005 - FECHA Y HORA DE LA ÚLTIMA TRANSACCIÓN |
| control field |
20161014134420.0 |
| 008 - DE LONGITUD FIJA DE DATOS DE ELEMENTOS - INFORMACIÓN GENERAL |
| Elementos de longitud fija [NR] |
130419n||||||||fr ||||fr|||||001|jdfre|d |
| 040 ## - FUENTE DE CATALOGACION [NR] |
| Agencia de catalogación original [NR] |
Co-BoUCM |
| Idioma de catalogación [NR] |
spa |
| Quien Cataloga |
Sandra Yazo (modificó) |
| Quien Clasifica |
Sandra Yazo (modificó) |
| 041 0# - CODIGO DE IDIOMA [R] |
| Código de idioma para texto/pista de sonido o título separado [R] |
Francés |
| 082 04 - NUMERO DE CLASIFICACION DECIMAL DEWEY [R] |
| Número de clasificación [R] |
843.91 |
| Número de la edición [NR] |
20 |
| 092 ## - SIGNATURA TOPOGRAFICA LOCAL |
| Número de clasificación local |
E05N010 |
| 100 1# - ASIENTO PRINCIPAL--NOMBRE PERSONAL [NR] |
| Nombre personal [NR] |
Perrault, Charles |
| Fechas asociadas con el nombre [NR] |
1628-1703 |
| ID Autoridad |
37729 |
| 242 00 - TRADUCCION DEL TITULO POR LA AGENCIA CATALOGADORA [R] |
| Título [NR] |
Cuentos de Charles Perrault |
| Parte restante del título [NR] |
Cuentos en verso. Historias y cuentos del pasado (Cuentos de mi madre Loye). Con dos ensayos sobre la vida y las obras de Perrault y sobre la mitología utilizada en sus cuentos |
| Mención de responsabilidad, etc. [NR] |
Notas, variantes e información bibliográfica por Andrés Lefèvre |
| Código de idioma del título traducido [NR] |
spa |
| 245 14 - MENCION DE TITULO [NR] |
| Título [NR] |
Les contes de Charles Perrault |
| Parte restante del título [NR] |
Contes en vers. Histoires et contes du temps passé (Contes de ma mère Loye). Avec deux essais sur la vie et les oeuvres de Perrault et sur la mythologie dans ses contes |
| Mención de responsabilidad, etc. [NR] |
Des notes et variantes et une notice bibliographique par André Lefèvre. |
| 260 ## - PUBLICACION, DISTRIBUCION, ETC. (PIE DE IMPRENTA) [R] |
| Lugar de publicación, distribución, etc. [R] |
París (Francia) |
| Nombre del editor, distribuidor, etc. [R] |
C. Marpon & E. Flammarion |
| Fecha de publicación, distribución, etc. [R] |
[fecha desconocida] |
| 300 ## - DESCRIPCION FISICA [R] |
| Extensión [R] |
lxxx, 182 páginas |
| Dimensiones [R] |
16 x 10 cm. |
| 500 ## - NOTA GENERAL [R] |
| Nota general [NR] |
Detalles físicos: Encuadernación rígida en cartón forrado en tela encolada. Lomo con tejuelo en cuero y adornos en dorado. Guardas. Anteportada. Portada impresa en una sola tinta con la marca tipográfica del editor. Texto impreso en una sola columna con diferentes tipos y tamaños de letra. Márgenes amplios. Índices. Notas al final de la obra. Cortes pintados en azul. Papel muy manchado |
| 504 ## - NOTA DE BIBLIOGRAFIA, ETC. [R] |
| Nota de bibliografía, etc. [NR] |
Incluye referencias bibliográficas e índices |
| 505 0# - NOTA DE CONTENIDO CON FORMATO PREESTABLECIDO [R] |
| Nota de contenido con formato preestablecido [NR] |
Ensayo sobre la vida y la obra de Charles Perrault ; Ensayo sobre la mitología en los cuentos de Perrault ; Cuentos en verso ; Cuentos en prosa ; Notas y variantes |
| 506 ## - NOTA DE RESTRICCIONES DE ACCESO [R] |
| Condiciones de acceso [NR] |
Consulta en sala |
| 546 ## - NOTA DE IDIOMA [R] |
| Nota de idioma [NR] |
Texto en francés |
| 650 #7 - ASIENTO SECUNDARIO DE MATERIA - TERMINO TEMATICO [R] |
| Término temático o nombre geográfico como elemento de entrada [NR] |
Cuentos populares franceses |
| 9 (RLIN) |
12302 |
| 650 #7 - ASIENTO SECUNDARIO DE MATERIA - TERMINO TEMATICO [R] |
| Término temático o nombre geográfico como elemento de entrada [NR] |
Literatura francesa |
| 9 (RLIN) |
7794 |
| 650 #7 - ASIENTO SECUNDARIO DE MATERIA - TERMINO TEMATICO [R] |
| Término temático o nombre geográfico como elemento de entrada [NR] |
Cuentos infantiles |
| Subdivisión geográfica [R] |
Francia |
| 9 (RLIN) |
81139 |
| 690 ## - ASUNTO AGREGADO LOCAL DE ENTRADA - TÉRMINO TEMÁTICO (OCLC, RLIN) |
| Acceso temático local |
Literatura |
| 9 (RLIN) |
18599 |
| 700 1# - ASIENTO SECUNDARIO - NOMBRE PERSONAL [R] |
| Nombre personal [NR] |
Lefévre, André |
| Fechas asociadas con el nombre [NR] |
1834-1904 |
| 9 (RLIN) |
81140 |
| 942 ## - ELEMENTOS DE ENTRADA AGREGADOS (KOHA) |
| Tipo de ítem principal el descrito en 300a |
Libro |
| Edición |
1 |
| Tema principal |
18 |
| Sistema de clasificación |
LOCAL |
| Clasificación |
E05N010 |